000 01061nam a2200241Ia 4500
999 _c36843
_d36843
001 2790
003 GE_BSU
005 20190507121112.0
008 181216s2000||||ge |||||||||||||| ||geo||
040 _cGE_BSU
041 _ageo
080 _a339.9 კ–17
100 _aკაკაბაძე, ვაჟა
_9855
245 _aსაერთაშორისო ეკონომიკური ურთიერთობები /
_c ვაჟა კაკაბაძე ; გოჩა ამყოლაძე ; რედ : ნანა მაისურაძე
264 _aთბილისი;
_c2000.
300 _a138გვ .:
_c20 სმ.
504 _aბიბლიოგრ.: გვ. 195-198.
653 _aსაერთაშორისო ეკონომიკური ურთიერთობები
653 _aეკონომიკა
700 _a ამყოლაძე, გოჩა
_9856
700 _aმაისურაძე, ნანა
_eრედაქტორი
_9857
942 _cBK
_2udc